| 000 | 00741nam a2200229 u 4500 | ||
|---|---|---|---|
| 005 | 20220610063500.0 | ||
| 008 | 100809s1999 r 000 0 eng d | ||
| 020 | _a8426101860 | ||
| 035 | _aUPN01000177248 | ||
| 049 | _aCG | ||
| 050 | 4 |
_aG286 M2 _bZ9.5 1999 |
|
| 100 | 1 |
_aZweig, Stefan, _d1881-1942 _928035 |
|
| 245 | 1 | 0 |
_aMagallanes : _bel hombre y su gesta / _cStefan Zweig ; tr. José Fernández. |
| 250 | _a5a ed. | ||
| 260 |
_aBarcelona, Esp. : _bJuventud, _c1999. |
||
| 300 | _a213 p. | ||
| 440 | 0 |
_aLibros de bolsillo Z. _pBiografías |
|
| 534 |
_pTítulo original: _tMagellan |
||
| 600 | 1 | 4 |
_aMAGALLANES, FERNANDO DE, _d1480?-1521 - _xVIAJES - _vLITERATURA JUVENIL _912081 |
| 650 | 0 |
_aViajes y travesías _911045 |
|
| 905 | _aLibro | ||
| 999 |
_c149351 _d149351 |
||